000 00724nmm a2200289 a 4500
003 AR-BaBNM
005 20251128211725.0
008 316020s1989 ||||||||||||||000 | spa||
040 _cAR-BaBNM
100 1 _aBravo, Domingo A.
245 1 0 _aEstado actual del quichua santiagueño
250 _a2ª ed.
260 _aLa Banda
_bDomingo A. Bravo
_c1989
300 0 _a230 p.
650 4 _aLENGUAS AMERINDIAS
650 4 _aLINGUISTICA
650 4 _aVOCABULARIO
650 4 _aGRAMATICA
650 4 _aORTOGRAFIA
650 4 _aANALISIS LINGUISTICO
650 4 _aFILOLOGIA
651 4 _aSantiago del Estero
653 0 _aQUECHUA
700 1 _aCarilla, Emilio
_epresentación
942 _cBK
998 _cmartin
999 _c20854
_d20854